Αρχείο Ιωάννη Κωλέττη

Saved in:
Bibliographic Details
Corporate Author: Ακαδημία Αθηνών. Κέντρον Ερεύνης της Ιστορίας του Νεώτερου Ελληνισμού
Other Authors: Πλαγιανάκου-Μπεκιάρη, Βασιλική (edtf), Στεργέλλης, Αριστείδης Π. (Editor)
Format: Book
Language:Greek
Published: Αθήνα : Ακαδημία Αθηνών Κέντρο Ερεύνης της Ιστορίας του Νεώτερου Ελληνισμού, 1996-
Series:Μνημεία της ελληνικής ιστορίας 13
Subjects:
Tags: Add Tag
No Tags, Be the first to tag this record!

MARC

LEADER 00000cam a2200000 i 4500
001 1/83318
008 990601s1996 gr | ||| |||| ||gre||
020 |a 960709946X 
035 |l 10051318 
040 |a GR-MyUA  |b gre  |e AACR2 
041 0 |a gre 
082 0 |a 938.401 
245 1 0 |a Αρχείο Ιωάννη Κωλέττη /   |c επιμέλεια Β. Πλαγιανάκου-Μπεκιάρη, Α. Στεργέλλη.  
260 |a Αθήνα :   |b Ακαδημία Αθηνών Κέντρο Ερεύνης της Ιστορίας του Νεώτερου Ελληνισμού,   |c 1996-  
300 |a 2 τ. :   |b εικ., χάρτες ;   |c 29 εκ.  
490 1 |a (Μνημεία της Ελληνικής ιστορίας   |v ; 13)  
505 0 |a Τ. 1. Mέρος πρώτο: Αύγουστος 1788-Ιούνιος 1824 -- τ. 1. Μέρος δεύτερο: Αύγουστος 1788-Ιούνιος 1824, Κατάστιχα και λογαριασμοί -- τ. 2. Επιτομές εγγράφων Ιούλιος 1824-Φεβρουάριος 1825.  
600 1 0 |a Κωλέττης, Ιωάννης,   |d π. 1774-1847. 
651 0 |a Greece  |x History  |y Otho I, 1832-1862  |x Sources. 
651 0 |a Greece  |x History  |y War of Independence, 1821-1829  |x Sources. 
700 1 |a Πλαγιανάκου-Μπεκιάρη, Βασιλική,  |e edtf 
700 1 |a Στεργέλλης, Αριστείδης Π.  |e edt 
710 2 |a Ακαδημία Αθηνών.   |b Κέντρον Ερεύνης της Ιστορίας του Νεώτερου Ελληνισμού. 
740 0 2 |a Αρχείο Ιωάννη Κωλέττη 
830 0 |a Μνημεία της ελληνικής ιστορίας  |v 13 
852 |a INST  |b LESVOS  |e 19990601  |h 938.401 ΑΡΧ  |p 005100016027  |q 005100016027  |t BK  |y 0  |z τ.1:Μέρος.Β 
852 |a INST  |b LESVOS  |e 19990601  |h 938.401 ΑΡΧ  |p 005100016028  |q 005100016028  |t BK  |y 0  |z τ.1:Μέρος.Α 
852 |a INST  |b LESVOS  |e 19990601  |h 938.401 ΑΡΧ  |p 005100016027  |q 005100016027  |t BK  |v τ.1;Μ΄ερος.Β:  |y 0  |z τ.1:Μέρος.Β 
852 |a INST  |b LESVOS  |e 19990601  |h 938.401 ΑΡΧ  |p 005100016028  |q 005100016028  |t BK  |v τ.1;Μ΄ερος.Α:  |y 0  |z τ.1:Μέρος.Α 
852 |a INST  |b SAMOS  |e 20051122  |h 938.401 ΑΡΧ  |p 005300024766  |q 005300024766  |t BK  |y 0  |z τ.2 
852 |a INST  |b SAMOS  |e 20051122  |h 938.401 ΑΡΧ  |p 005300024767  |q 005300024767  |t BK  |y 0  |z τ.1:Μέρος.Β' 
852 |a INST  |b SAMOS  |e 20051122  |h 938.401 ΑΡΧ  |p 005300024768  |q 005300024768  |t BK  |y 0  |z τ.1:Μέρος.Α' 
852 |a INST  |b SAMOS  |e 20051122  |h 938.401 ΑΡΧ  |p 005300024766  |q 005300024766  |t BK  |v τ.2:  |y 0  |z τ.2 
852 |a INST  |b SAMOS  |e 20051122  |h 938.401 ΑΡΧ  |p 005300024767  |q 005300024767  |t BK  |v τ.1;Μ΄ερος.Β':  |y 0  |z τ.1:Μέρος.Β' 
852 |a INST  |b SAMOS  |e 20051122  |h 938.401 ΑΡΧ  |p 005300024768  |q 005300024768  |t BK  |v τ.1;Μ΄ερος.Α':  |y 0  |z τ.1:Μέρος.Α' 
853 |a INST  |b LESVOS  |h 938.401 ΑΡΧ 
853 |a INST  |b SAMOS  |h 938.401 ΑΡΧ 
901 |a BIBL3-2005-3 
909 |a Σ  |b 124596 
909 |a Σ  |b 124597 
909 |a Σ  |b 124598 
909 |a Λ  |b 051615 
970 |a ΜΑΛΑΓΑΡΗ  |b ΦΩΤΕΙΝΗ  |z 2005/11/22